| 000 | 00379nam a22001457a 4500 | ||
|---|---|---|---|
| 003 | OSt | ||
| 005 | 20160727222549.0 | ||
| 008 | 160714b xxu||||| |||| 00| 0 eng d | ||
| 040 | _cToday's Best Nonfiction | ||
| 100 |
_92866 _a Reader's Digest |
||
| 245 | _aToday's Best Nonfiction | ||
| 260 |
_aN.Y _b Reader's Digest _c1990 |
||
| 300 | _aToday's Best Nonfiction | ||
| 942 |
_2lcc _cBK |
||
| 999 |
_c2440 _d2440 |
||